Agricultural research for development. (Record no. 34741)

MARC details
000 -LEADER
fixed length control field 00396nam a2200145Ia 4500
082 ## - DEWEY DECIMAL CLASSIFICATION NUMBER
Classification number 631:001.814
Item number ARN
245 #0 - TITLE STATEMENT
Title Agricultural research for development.
260 ## - PUBLICATION, DISTRIBUTION, ETC. (IMPRINT)
Place of publication London
Name of publisher Cambridge Univversity
Year of publication 1976
650 ## - SUBJECT ADDED ENTRY--TOPICAL TERM
Topical Term Agricultural research
650 ## - SUBJECT ADDED ENTRY--TOPICAL TERM
Topical Term Agrometeorology
650 ## - SUBJECT ADDED ENTRY--TOPICAL TERM
Topical Term Plant breeding
700 ## - ADDED ENTRY--PERSONAL NAME
Personal name ARNOLD, M H
942 ## - ADDED ENTRY ELEMENTS (KOHA)
Koha item type Books
Holdings
Withdrawn status Lost status Damaged status Not for loan Home library Current library Date acquired Full call number Accession Number Koha item type
        RRII Library RRII Library 16/12/2021 631:001.814 ARN 15169 Books